|
|
|
|
| LEADER |
00000nab a2200000 a 4500 |
| 001 |
vtls010170521 |
| 003 |
SK-MaSNL |
| 005 |
20260304161011.0 |
| 008 |
250507c2010 xo ||||||||||||00 b|slo |
| 015 |
|
|
|a SNBRB2010/09
|2 snkbucl
|
| 035 |
|
|
|a (sysno)vtls010170521
|
| 035 |
|
|
|a urn:nbn:sk:snk-ab6rm4
|
| 035 |
|
|
|a (uuid)30e5b18a-bb51-4142-95a3-af42c4b6c185
|
| 035 |
|
|
|a (urnnbn)urn:nbn:sk:snk:ar-a05gy7
|
| 038 |
|
|
|a SNKBUCL
|
| 040 |
|
|
|a SNKBUCL
|b slo
|c SNKBUCL
|e AACR2
|
| 041 |
0 |
|
|a slo
|
| 044 |
|
|
|a xo
|c SK
|
| 080 |
|
|
|a 338.48:502.131.1
|x (048)
|2 2001
|
| 080 |
|
|
|a 502.131.1
|x (048)
|2 2001
|
| 100 |
1 |
|
|a Kačírková, Mária
|4 aut
|9 11900
|
| 245 |
1 |
0 |
|a Gőssling, Stefan - Hall, C. Michael - Weaver, B. David: Sustainable tourism futures: perspectives on systems, resturucturing and innovations
|c Mária Kačírková
|
| 650 |
0 |
7 |
|a cestovný ruch
|2 snkbucl
|9 999
|
| 650 |
0 |
7 |
|a trvalo udržateľný rozvoj
|2 snkbucl
|9 3353
|
| 650 |
0 |
7 |
|a monografie
|2 snkbucl
|9 256509
|
| 655 |
|
7 |
|a recenzie
|2 snkbucl
|9 21907
|
| 773 |
0 |
|
|t Ekonomický časopis = Journal of Economics
|g Roč. 58, č. 6 (2010), s. 651-654
|x 0013-3035
|
| 787 |
0 |
8 |
|i Rec.:
|a Gössling, Stefan
|t Sustainable tourism futures : perspectives on systems, resturucturing and innovations
|d Routledge : Taylor & Francis, 2009
|z 9780415996198
|
| 787 |
0 |
8 |
|i Rec.:
|a Hall, C. Michael
|t Sustainable tourism futures : perspectives on systems, resturucturing and innovations
|d Routledge : Taylor & Francis, 2009
|z 9780415996198
|
| 787 |
0 |
8 |
|i Rec.:
|a Weaver, B. David
|t Sustainable tourism futures : perspectives on systems, resturucturing and innovations
|d Routledge : Taylor & Francis, 2009
|z 9780415996198
|
| 850 |
|
|
|a Slovenská národná knižnica
|
| 852 |
|
|
|a Slovenská národná knižnica
|
| 856 |
4 |
1 |
|u http://www.ceeol.com
|
| 954 |
|
|
|a odborná, vedecká literatúra pôvodná (slovenská)
|2 lita
|
| 958 |
|
|
|a article27
|
| 958 |
|
|
|a RC
|
| 958 |
|
|
|a OND
|
| 958 |
|
|
|a EUIPO
|
| 999 |
|
|
|c 2969554
|d 2971484
|